Water planning in australia from myths to reality (Record no. 11042)

000 -LEADER
fixed length control field 00262nam a22001097a 4500
040 ## - CATALOGING SOURCE
Transcribing agency 333
082 ## - DEWEY DECIMAL CLASSIFICATION NUMBER
Classification number 333 SEW 1985 C085
100 ## - MAIN ENTRY--AUTHOR NAME
Personal name W.R.D. SEWELL
245 ## - TITLE STATEMENT
Title Water planning in australia from myths to reality
260 ## - PUBLICATION, DISTRIBUTION, ETC. (IMPRINT)
Place of publication Phnom Penh
Name of publisher SEW
Year of publication 1985
942 ## - ADDED ENTRY ELEMENTS (KOHA)
Koha item type សៀវភៅភាសាអង់គ្លេស
952 ## - LOCATION AND ITEM INFORMATION (KOHA)
Withdrawn status [LOCAL, KOHA] 0
Holdings
Permanent Location Date acquired Koha item type Lost status Shelving location Barcode Current Location Full call number
Library Block C2017-02-14សៀវភៅភាសាអង់គ្លេស C188A05731Library Block C333 SEW 1985 C188
មជ្ឈមណ្ឌលឯការនៃសាកលវិទ្យាល័យភូមិន្ទកសិកម្មចំការដូង

Powered by Koha